ロード中...
Periyar Tiger Reserve: poachers turned gamekeepers
| 第一著者: | |
|---|---|
| フォーマット: | Printed Book |
| 出版事項: |
In search of excellence: exemplary forest management in Asia and the Pacific
|
| オンライン・アクセス: | http://10.26.1.76/ks/001600.pdf |
| LEADER | 004280000a22001090004500 | ||
|---|---|---|---|
| 100 | |a M. Govindan Kutty and T.K. Raghavan Nair | ||
| 245 | |a Periyar Tiger Reserve: poachers turned gamekeepers | ||
| 260 | |b In search of excellence: exemplary forest management in Asia and the Pacific | ||
| 856 | |u http://10.26.1.76/ks/001600.pdf | ||
| 942 | |c KS | ||
| 999 | |c 70988 |d 70988 | ||
| 952 | |0 0 |1 0 |4 0 |7 0 |9 62952 |a MGUL |b MGUL |d 2015-08-01 |l 0 |r 2015-08-01 |w 2015-08-01 |y KS | ||